000 00959cad a22002295a 4500
001 E155016
008 120220s2012 xxk f s000 0 eng d
020 _a9781780456591
022 1 _a0950-2254
035 _a(Sirsi) u155016
041 0 _aeng
100 1 _aScott, John
245 0 0 _aConsultation on The Property Factors (Scotland) Act 2011 draft code of conduct for property factors
_ban analysis of responses
_h[electronic resource]
260 _aEdinburgh
_bScottish Government
_c2012
520 _aAnalyses the responses received to the recent Scottish Government consultation, "The Property Factors (Scotland) Act 2011: draft code of conduct for property factors".
590 _aKA
650 2 4 _aPROPERTY FACTORS (SCOTLAND) ACT 2011
651 4 _aScotland
_y1999-
690 _aLandlord and tenant
_96252
856 4 0 _uhttps://www.scotland.gov.uk/Publications/2012/02/8803
_zView the analysis free of charge at www.scotland.gov.uk
942 _n0
999 _c113287
_d113287